000 00700nam a2200217 4500
008 201207b ||||| |||| 00| 0 eng d
040 _bger
_cDE-2950
_erda
_aDE-2950
041 _ager
100 _aRade, Uwe :
245 _aOderland.
_cUwe Rada :
264 _c2023
490 _aDie Mark Brandenburg
_vHeft 129: das Oderland. 2023
653 _aBrandenburg <Land>
653 _aTourismus
653 _aRada, Uwe; Journalist, Redakteur, Schriftsteller, 1963-
773 _dBerlin: Die Mark Brandenburg - Verlag für Regional- und Zeitgeschichte
_g(2023) Heft 129, S. 2-7 : Abb.
_tDie Mark Brandenburg
942 _cA
999 _c372571
_d372571